[Event "Challenge"]
[Site "http://www.queenalice.com/game.php?id=552116"]
[Date "2009.3.7"]
[Round "-"]
[White "kingside"]
[Black "darewing"]
[Result "0-1"]
[WhiteElo "2079"]
[BlackElo "2308"]

1. e4 c5 2. Nf3 d6 3. d4 cxd4 4. Nxd4 Nf6 5. Nc3 a6 6. Be2 e6 7. O-O Be7 8. f4
O-O 9. Re1 Nc6 10. Be3 Qc7 11. h3 e5 12. Nf3 exf4 13. Bxf4 Qb6+ 14. Kh2 Qxb2 15.
Nd5 Nxd5 16. exd5 Ne5 17. Rb1 Nxf3+ 18. Bxf3 Qf6 19. Qd2 b5 20. Re2 Bd7 21. Rbe1
Bd8 22. Bg3 Rc8 23. Be4 Bb6 24. Qd3 h5 25. Qa3 Bc5 26. Qf3 h4 27. Qxf6 hxg3+ 28.
Kxg3 gxf6 29. Rf1 Rfe8 30. Rxf6 Bd4 31. Rf1 f5 32. Bd3 Rxe2 0-1

[Event "Challenge"]
[Site "http://www.queenalice.com/game.php?id=552117"]
[Date "2009.3.7"]
[Round "-"]
[White "kingside"]
[Black "darewing"]
[Result "0-1"]
[WhiteElo "2086"]
[BlackElo "2302"]

1. e4 c5 2. Nf3 Nc6 3. d4 cxd4 4. Nxd4 Nf6 5. Nc3 d6 6. Be2 g6 7. O-O Nxd4 8.
Qxd4 Bg7 9. Bb5+ Bd7 10. Qa4 a6 11. Bxd7+ Nxd7 12. Nd5 e6 13. Ne3 O-O 14. c3 Nc5
15. Qc2 b5 16. Bd2 Rc8 17. Rac1 f5 18. exf5 gxf5 19. f3 Be5 20. Be1 Kh8 21. f4
Bf6 22. a3 Ne4 23. Kh1 Rg8 24. g4 Bd4 25. gxf5 Bxe3 26. Rd1 Rc4 27. b3 Nf2+ 28.
Rxf2 Bxf2 29. bxc4 Rg1# 0-1

[Event "Challenge"]
[Site "http://www.queenalice.com/game.php?id=555448"]
[Date "2009.3.13"]
[Round "-"]
[White "snare"]
[Black "kingside"]
[Result "1-0"]
[WhiteElo "1261"]
[BlackElo "2032"]

1. e4 e5 2. Nf3 Nc6 3. Bb5 a6 4. Ba4 b5 5. Bb3 d6 6. O-O Be7 7. d4 exd4 8. Nxd4
Bb7 9. Qh5 Ne5 10. Ne6 Qd7 11. Nxg7+ Kf8 12. f4 Ng6 13. Nf5 Bxe4 14. Ng3 d5 15.
Nxe4 dxe4 16. Qd5 Bd6 17. Qxa8+ Kg7 18. Qxe4 Nf6 19. Qf3 Re8 20. Nc3 c5 21. a4
c4 22. Ba2 b4 23. Ne2 Qc7 24. Kh1 a5 25. Nd4 Bc5 26. Nf5+ Kh8 27. Bxc4 Bf8 28.
b3 Bg7 29. Nxg7 Kxg7 30. Bb2 Qb6 31. Qf2 Qxf2 32. Rxf2 h5 33. Rd1 Nf8 34. h3 Kg6
35. Rd6 Nh7 36. Bd3+ Kg7 37. Bxh7 1-0

[Event "Challenge"]
[Site "http://www.queenalice.com/game.php?id=560000"]
[Date "2009.3.22"]
[Round "-"]
[White "kingside"]
[Black "levi"]
[Result "0-1"]
[WhiteElo "2072"]
[BlackElo "2298"]

1. e4 e5 2. Nf3 Nc6 3. Bb5 a6 4. Ba4 Nf6 5. O-O Nxe4 6. Re1 Nc5 7. Bxc6 dxc6 8.
d4 Ne6 9. Nxe5 Bd6 10. Nc3 O-O 11. Ne4 f6 12. Nf3 b6 13. c3 a5 14. Qb3 Re8 15.
a4 Be7 16. Nh4 Qd5 17. Qc2 Bb7 18. Nf3 c5 19. c4 Nxd4 20. Qc3 Qh5 21. Nxd4 cxd4
22. Qxd4 Rad8 23. Ng3 Bf8 24. Qc3 Rxe1+ 25. Qxe1 Rd1 0-1

[Event "Challenge"]
[Site "http://www.queenalice.com/game.php?id=562724"]
[Date "2009.3.27"]
[Round "-"]
[White "kingside"]
[Black "Rosberg"]
[Result "0-1"]
[WhiteElo "2093"]
[BlackElo "2322"]

1. d4 Nf6 2. c4 g6 3. Nc3 d5 4. Nf3 Bg7 5. e3 O-O 6. cxd5 Nxd5 7. Bd2 c5 8. dxc5
Nxc3 9. Bxc3 Bxc3+ 10. bxc3 Qa5 11. Qd4 Nc6 12. Qc4 Be6 13. Qd3 Rfd8 14. Qc2
Qxc5 15. Be2 Nb4 16. Qe4 Qxc3+ 0-1

[Event "AUTO-MASTER-771"]
[Site "http://www.queenalice.com/game.php?id=563303"]
[Date "2009.3.28"]
[Round "1"]
[White "ribeiroBR"]
[Black "kingside"]
[Result "1-0"]
[WhiteElo "1980"]
[BlackElo "1934"]

1. e4 e5 2. Nf3 Nc6 3. Bc4 Be7 4. O-O Nf6 5. Ng5 O-O 6. Bxf7+ Rxf7 7. Nxf7 Kxf7
8. Nc3 Kg8 9. d3 b6 10. Be3 Bb7 11. Re1 d5 12. exd5 Nxd5 13. Bd2 Bf6 14. Nxd5
Qxd5 15. f3 Nd4 16. Re4 Qc5 17. b4 Qd6 18. Rg4 Bc8 19. Rg3 Bh4 20. c3 Bxg3 21.
hxg3 Nf5 22. Qb3+ Be6 23. Qc2 Nxg3 24. Re1 Rd8 25. Re3 Nf5 26. Re2 Ng3 27. Rf2
Qxd3 28. Qxd3 Rxd3 29. Bg5 Rd1+ 30. Kh2 h6 31. Bh4 Nf1+ 32. Kg1 Ne3+ 33. Kh2 1-0

[Event "AUTO-MASTER-771"]
[Site "http://www.queenalice.com/game.php?id=563304"]
[Date "2009.3.28"]
[Round "1"]
[White "kingside"]
[Black "ribeiroBR"]
[Result "0-1"]
[WhiteElo "1949"]
[BlackElo "1965"]

1. d4 d5 2. c4 Nf6 3. Nc3 e6 4. Nf3 Bb4 5. Qc2 Ne4 6. e3 O-O 7. Bd2 Nxd2 8. Nxd2
Nc6 9. a3 Be7 10. Bd3 g6 11. O-O a6 12. cxd5 exd5 13. Rae1 Bf6 14. Nf3 Be6 15.
Ne2 Bg7 16. Nf4 Qd7 17. Nxe6 fxe6 18. b4 b5 19. Rc1 Ne7 20. Qxc7 Qxc7 21. Rxc7
Nf5 22. Ng5 Rfe8 23. Rfc1 h6 24. Nf3 e5 25. dxe5 Bxe5 26. Nxe5 Rxe5 27. Rd7 Re7
28. Bxf5 Rxd7 29. Bxd7 Ra7 30. Be6+ Kg7 31. Bxd5 Rd7 32. e4 Kf6 0-1

[Event "AUTO-MASTER-771"]
[Site "http://www.queenalice.com/game.php?id=563331"]
[Date "2009.3.28"]
[Round "1"]
[White "kingside"]
[Black "lutarmada"]
[Result "1-0"]
[WhiteElo "2069"]
[BlackElo "1556"]

1. d4 Nf6 2. c4 g6 3. Nc3 Bg7 4. e4 d6 5. Nf3 O-O 6. Be2 Nbd7 7. O-O c5 8. d5
Ng4 9. Bd2 Nde5 10. Nxe5 Nxe5 11. f4 Nd7 12. Kh1 a6 13. Qc2 f5 14. Rae1 fxe4 15.
Nxe4 1-0

[Event "AUTO-MASTER-771"]
[Site "http://www.queenalice.com/game.php?id=563332"]
[Date "2009.3.28"]
[Round "1"]
[White "lutarmada"]
[Black "kingside"]
[Result "0-1"]
[WhiteElo "1554"]
[BlackElo "2071"]

1. e4 e5 2. Nc3 g6 3. Nf3 Bg7 4. Bc4 d6 5. d3 Nf6 6. Bg5 O-O 7. Qd2 Qe8 8. O-O-O
Be6 9. Bxe6 fxe6 10. h4 Nc6 11. Bxf6 Bxf6 12. Qh6 Bg7 13. Qg5 h5 14. Qe3 Rf6 15.
Rdg1 Qf8 0-1

[Event "Challenge"]
[Site "http://www.queenalice.com/game.php?id=574458"]
[Date "2009.4.19"]
[Round "-"]
[White "nightw0lf"]
[Black "kingside"]
[Result "1-0"]
[WhiteElo "2028"]
[BlackElo "1920"]

1. d4 Nf6 2. c4 e6 3. a3 d5 4. e3 Be7 5. Bd3 b6 6. Nf3 Bb7 7. O-O dxc4 8. Bxc4
O-O 9. Nc3 c5 10. Qe2 Nbd7 11. Rd1 Rc8 12. Ba6 Rb8 13. Bxb7 Rxb7 14. Ne5 Qb8 15.
Nc6 Qe8 16. Qf3 Rc7 17. Nb5 1-0

[Event "Challenge"]
[Site "http://www.queenalice.com/game.php?id=578197"]
[Date "2009.4.26"]
[Round "-"]
[White "nightw0lf"]
[Black "kingside"]
[Result "1-0"]
[WhiteElo "2051"]
[BlackElo "1908"]

1. e4 e5 2. Nf3 Nc6 3. d4 exd4 4. Bc4 d6 5. Nxd4 Nxd4 6. Qxd4 Nf6 7. Bg5 Be7 8.
O-O O-O 9. Nc3 a6 10. a4 Be6 11. Bxe6 fxe6 12. f4 b6 13. Bxf6 Rxf6 14. f5 1-0

[Event "Challenge"]
[Site "http://www.queenalice.com/game.php?id=580996"]
[Date "2009.5.1"]
[Round "-"]
[White "imcute"]
[Black "kingside"]
[Result "1-0"]
[WhiteElo "1977"]
[BlackElo "1885"]

1. e4 e5 2. Nf3 Nc6 3. Bc4 Be7 4. O-O d6 5. d4 exd4 6. Nxd4 Nxd4 7. Qxd4 Nf6 8.
Nc3 O-O 9. Be3 a6 10. h3 b5 11. Bd3 Bb7 12. Bg5 c5 13. Qe3 Re8 14. Rad1 c4 15.
Be2 b4 16. Nb1 Qc7 17. Bxf6 Bxf6 18. c3 Bxe4 19. Qf4 Bxb1 20. Bf3 Bd3 21. Rfe1
Be5 22. Qh4 Rab8 23. Be4 Bxe4 24. Rxe4 1-0

[Event "Challenge"]
[Site "http://www.queenalice.com/game.php?id=580997"]
[Date "2009.5.1"]
[Round "-"]
[White "kingside"]
[Black "imcute"]
[Result "0-1"]
[WhiteElo "1898"]
[BlackElo "1964"]

1. e4 e6 2. Nf3 c5 3. d4 d5 4. dxc5 Bxc5 5. exd5 exd5 6. Be2 Nf6 7. O-O O-O 8.
c3 Bg4 9. Nbd2 Nc6 10. Nb3 Bb6 11. Nfd4 Bxe2 12. Qxe2 Qd7 13. Be3 Rae8 14. Qc2
Qg4 15. h3 Qd7 16. Rad1 Ne4 17. Nd2 f5 18. Nxe4 fxe4 19. Rfe1 a6 20. Nxc6 Bxe3
21. Rxe3 bxc6 22. Rxe4 Qf5 0-1

[Event "Challenge"]
[Site "http://www.queenalice.com/game.php?id=586771"]
[Date "2009.5.11"]
[Round "-"]
[White "kingside"]
[Black "KLEOJ"]
[Result "0-1"]
[WhiteElo "1962"]
[BlackElo "2028"]

1. e4 d5 2. exd5 Nf6 3. c4 e6 4. dxe6 Bxe6 5. Nf3 Nc6 6. Nc3 Bb4 7. Qc2 Qe7 8.
Be2 Bxc4 9. d3 Ba6 10. O-O O-O-O 11. a3 Bxc3 12. bxc3 Rhe8 13. Re1 Qd7 14. c4 h6
15. Bb2 b6 16. Bf1 Bb7 0-1

[Event "Challenge"]
[Site "http://www.queenalice.com/game.php?id=595654"]
[Date "2009.5.30"]
[Round "-"]
[White "Gloria"]
[Black "kingside"]
[Result "1-0"]
[WhiteElo "2091"]
[BlackElo "1783"]

1. e4 e5 2. f4 exf4 3. Bc4 Qh4+ 4. Kf1 d6 5. Nf3 Qh5 6. d4 Bg4 7. Bxf4 Nd7 8.
Nc3 Nb6 9. Be2 f5 10. h3 O-O-O 11. Kf2 Bxf3 12. Bxf3 1-0